| 000 | 00347nam a2200133Ia 4500 | ||
|---|---|---|---|
| 008 | 231129s1984||||xx |||||||||||||| ||spa|| | ||
| 040 | _bspa | ||
| 082 | _a759.9861 G774p | ||
| 100 | _aGrau Enrique | ||
| 245 | 0 | _aEl pequeño viaje del Baron Von Humboldt | |
| 260 | _c1984 | ||
| 264 | _aBogotá Colombia : Seguros Bolívar | ||
| 942 |
_2ddc _cBKS |
||
| 999 |
_c12050 _d12050 |
||